000 00650nam a22002297a 4500
003 UA-OsUOA
001 95711
007 ta
008 20130306b un ||||| |||| 00| 0 ukr d
100 _aКазакевич Э.М.
090 _a821.161.1
_bК14
942 _cBK
040 _aUA-OsUOA
_brus
_cUA-OsUOA
_dUA-OsUOA
245 _aСиняя тетрадь
_bповесть, рассказ, очерк
300 _a176 с.
955 _a3
041 _arus
080 _a821.161.1
260 _aМ.
_bСоветский писатель
_c1991
650 7 _a82 Література. Літературознавство
_2UDC
999 _c381942
_d381942